| 000 | 00355nam a2200133Ia 4500 | ||
|---|---|---|---|
| 005 | 20251222154437.0 | ||
| 008 | 251222s9999||||xx |||||||||||||| ||spa|| | ||
| 082 | _a154/G96 | ||
| 100 | _aGutierrez del Álamo, Quintero | ||
| 245 | 0 | _aTrastorno por Déficit de Atención e Hiperactividad: | |
| 250 | _a1ra.ed. | ||
| 264 | _bEdrgon Arboleda | ||
| 942 | _cLIB | ||
| 999 |
_c36653 _d36653 |
||